000 00732nam a2200253 a 4500
001 56610
003 BD-RjUL
005 20211209080421.0
008 161203s1961 enk b 001 0 eng
035 _a(BD-RjUL)56734
040 _aLC
_beng
_cLC
_dBD-RjUL
041 _aeng
082 0 4 _a511.3
_223
_bGOM 1961
100 1 _aGoodstein, R. L.
_q(Reuben Louis)
_9155969
245 1 0 _aDevelopment of mathematical logic /
_cby R. L. Goodstein.
250 _a2nd ed.
260 _aLondon :
_bLogos Press,
_c1961
300 _avii, 150 p. ;
_c23 cm.
504 _aBibliography: p. 141-148.
650 0 _aLogic, Symbolic and mathematical.
_9168395
650 0 _a mathematical.Logic
_9168396
942 _2ddc
_cBK
999 _c56610
_d56610